Countries that Iran is attacking 🇮🇷 - Statistics

General Stats
  • This quiz has been taken 69 times
  • The average score is 13 of 15
Answer Stats
Hint Answer % Correct
U.S. military base and Palestinian genocide ( crisis ) Israel
98%
U.S. military base and on Kurdistan Iraq
97%
Disputes and U.S. military base Kuwait
95%
Disliked and U.S. military base Oman
93%
Disputes and U.S. military base Saudi arabia
93%
U.S. military base Qatar
92%
U.S. military base UAE
90%
U.S. military base Bahrain
88%
U.S. military base Jordan
88%
We all know this! USA
88%
Really bad relations cause of the new version Syria
87%
British and American military base Cyprus
78%
Really good relations with USA and U.S. military base UK
77%
U.S. military base France
58%
U.S. military base and upcoming good relationships with the U.S. Italy
35%
No matching quizzes found
Score Distribution
Percent of People with Each Score
Percentile by Number Answered
Your Score History
You have not taken this quiz